Thực tập chuyên đề vật lý chất rắn : Dùng cho học sinh năm thứ 3 và 4 ngành vật lý /
में बचाया:
| मुख्य लेखक: | |
|---|---|
| अन्य लेखक: | , |
| स्वरूप: | Sách giấy |
| भाषा: | Vietnamese |
| प्रकाशित: |
H. :
Đại học Tổng hợp,
1973.
|
| टैग : |
टैग जोड़ें
कोई टैग नहीं, इस रिकॉर्ड को टैग करने वाले पहले व्यक्ति बनें!
|
| Thư viện lưu trữ: | Thư viện Trường Đại học Đà Lạt |
|---|
| LEADER | 00765nam a2200277 4500 | ||
|---|---|---|---|
| 001 | DLU130155825 | ||
| 005 | ##20131029 | ||
| 040 | # | # | |a DLU |b vie |
| 041 | # | # | |a vie |
| 044 | # | # | |a vn |
| 082 | # | # | |a 530.41 |b DA-D |
| 100 | # | # | |a Đàm Trung Đồn. |
| 245 | # | # | |a Thực tập chuyên đề vật lý chất rắn : |b Dùng cho học sinh năm thứ 3 và 4 ngành vật lý / |c Đàm Trung Đồn, Nguyễn Châu, Nguyễn An. |
| 260 | # | # | |a H. : |b Đại học Tổng hợp, |c 1973. |
| 300 | # | # | |a 96 tr. ; |c 31 cm. |
| 700 | # | # | |a Nguyễn An. |
| 700 | # | # | |a Nguyễn Châu. |
| 992 | # | # | |a 126 |
| 994 | # | # | |a DLU |
| 900 | # | # | |a True |
| 911 | # | # | |a Trương Thị Mỹ Lệ |
| 925 | # | # | |a G |
| 926 | # | # | |a A |
| 927 | # | # | |a SH |
| 980 | # | # | |a Thư viện Trường Đại học Đà Lạt |